[Event "SLO-ch U18"]
[Site "Rogaska Slatina"]
[Date "2009.02.26"]
[Round "7"]
[White "Rifelj, Luka"]
[Black "Okorn, Jan"]
[Result "1/2-1/2"]
[WhiteElo "1838"]
[BlackElo "1605"]
[PlyCount "34"]
[EventDate "2009.02.22"]
[EventType "swiss"]
[EventRounds "9"]
[EventCountry "SLO"]
[SourceTitle "CBM 129 Extra"]
[Source "ChessBase"]
[SourceDate "2009.05.05"]
[SourceVersion "2"]
[SourceVersionDate "2009.05.20"]
[SourceQuality "1"]

1. d4 d5 2. c4 e6 3. Nf3 Nf6 4. Nc3 Be7 5. Bg5 Nbd7 6. e3 b6 7. Rc1 Bb7 8. cxd5 Bxd5 9. Bd3 0-0 10. 0-0 Bb7 11. Qe2 c5 12. Rfd1 Nd5 13. Bxe7 Qxe7 14. Bb1 N5f6 15. Rd2 Rfd8 16. Rcd1 Rac8 17. a3 Nd5 1/2-1/2

[Event "SLO-ch U18"]
[Site "Rogaska Slatina"]
[Date "2009.02.22"]
[Round "1"]
[White "Okorn, Jan"]
[Black "Kavcic, Janez"]
[Result "0-1"]
[WhiteElo "1605"]
[BlackElo "1971"]
[PlyCount "90"]
[EventDate "2009.02.22"]
[EventType "swiss"]
[EventRounds "9"]
[EventCountry "SLO"]
[SourceTitle "CBM 129 Extra"]
[Source "ChessBase"]
[SourceDate "2009.05.05"]
[SourceVersion "2"]
[SourceVersionDate "2009.05.20"]
[SourceQuality "1"]

1. e4 c5 2. Nc3 Nc6 3. g3 g6 4. Bg2 Bg7 5. d3 e6 6. Nf3 Nge7 7. 0-0 d6 8. Be3 Nd4 9. Bxd4 cxd4 10. Ne2 Qb6 11. Qc1 Bd7 12. c3 dxc3 13. bxc3 Rc8 14. Qd2 Qa5 15. Rfc1 d5 16. e5 Nc6 17. d4 Qa6 18. Qc2 Na5 19. Bf1 Bb5 20. Re1 Qc6 21. Rac1 Bh6 22. Nd2 Bxd2 23. Qxd2 0-0 24. Nf4 Bxf1 25. Rxf1 Rc7 26. Rc2 Nc4 27. Qd3 b6 28. Ne2 Rfc8 29. Rfc1 Qa4 30. Kg2 b5 31. Kg1 a5 32. Nf4 Na3 33. Rd2 Qc4 34. Qxc4 Rxc4 35. Ne2 b4 36. Rd3 Nb5 37. Rdd1 Nxc3 38. Nxc3 Rxc3 39. Rxc3 Rxc3 40. Rd2 Kf8 41. Kf1 Ke7 42. Ke2 Kd7 43. Rb2 Kc6 44. Kd2 Kb5 45. f4 Kc4 0-1

[Event "SLO-ch U16"]
[Site "Postojna"]
[Date "2008.03.01"]
[Round "9"]
[White "Okorn, Jan"]
[Black "Skrinjar, Matic"]
[Result "0-1"]
[WhiteElo "1576"]
[BlackElo "1809"]
[PlyCount "70"]
[EventDate "2008.02.24"]
[EventType "swiss"]
[EventRounds "9"]
[EventCountry "SLO"]
[SourceTitle "EXT 2010"]
[Source "ChessBase"]
[SourceDate "2010.11.25"]
[SourceVersion "1"]
[SourceVersionDate "2010.11.25"]
[SourceQuality "1"]

1. e4 e5 2. Nf3 Nc6 3. Bc4 Nf6 4. d3 Bc5 5. Nc3 d6 6. Bb3 Bg4 7. h3 Bh5 8. g4 Nxg4 9. hxg4 Bxg4 10. Rg1 h5 11. Be3 Bb4 12. Ba4 0-0 13. Bxc6 bxc6 14. Qe2 f5 15. Bg5 Qd7 16. Rg3 Qf7 17. Nxe5 dxe5 18. f3 f4 19. Rg1 Bc5 20. Rh1 Be6 21. Qh2 g6 22. Qg2 Kh7 23. Na4 Be3 24. Bh4 c5 25. b3 Bd7 26. Nc3 Bd4 27. Kd2 a5 28. a4 c6 29. Rh2 Qe6 30. Rah1 Be8 31. Qg5 Ra7 32. Rh3 Rd7 33. Ne2 Qd6 34. c4 Be3+ 35. Ke1 Qxd3 0-1

[Event "SLO-ch U16"]
[Site "Postojna"]
[Date "2008.02.29"]
[Round "8"]
[White "Cmor, Nino"]
[Black "Okorn, Jan"]
[Result "1/2-1/2"]
[WhiteElo "1500"]
[BlackElo "1576"]
[PlyCount "37"]
[EventDate "2008.02.24"]
[EventType "swiss"]
[EventRounds "9"]
[EventCountry "SLO"]
[SourceTitle "EXT 2010"]
[Source "ChessBase"]
[SourceDate "2010.11.25"]
[SourceVersion "1"]
[SourceVersionDate "2010.11.25"]
[SourceQuality "1"]

1. e4 e5 2. Nf3 Nc6 3. Bb5 a6 4. Ba4 Nf6 5. 0-0 Be7 6. Re1 d6 7. h3 b5 8. Bb3 Na5 9. c3 Nxb3 10. axb3 c5 11. d3 0-0 12. Bg5 Nh5 13. Nxe5 Bxg5 14. Nc6 Qb6 15. Qxh5 Qxc6 16. Qxg5 Bb7 17. Na3 f5 18. f3 Qd7 19. e5 1/2-1/2

[Event "SLO-ch U16"]
[Site "Postojna"]
[Date "2008.02.27"]
[Round "5"]
[White "Okorn, Jan"]
[Black "Grosar, Gari"]
[Result "1/2-1/2"]
[WhiteElo "1576"]
[BlackElo "1907"]
[PlyCount "58"]
[EventDate "2008.02.24"]
[EventType "swiss"]
[EventRounds "9"]
[EventCountry "SLO"]
[SourceTitle "EXT 2010"]
[Source "ChessBase"]
[SourceDate "2010.11.25"]
[SourceVersion "1"]
[SourceVersionDate "2010.11.25"]
[SourceQuality "1"]

1. e4 e5 2. Nf3 Nc6 3. Bc4 Bc5 4. c3 Nf6 5. d4 exd4 6. e5 d5 7. Bb5 Ne4 8. cxd4 Bb4+ 9. Bd2 Bxd2+ 10. Nbxd2 0-0 11. Bxc6 bxc6 12. Qc2 Nxd2 13. Nxd2 Qg5 14. 0-0-0 Rb8 15. Qc3 Qxg2 16. Qg3 Qxg3 17. hxg3 Bf5 18. Rh4 Rb5 19. g4 Bd3 20. Rh3 Bg6 21. f4 f5 22. g5 Rfb8 23. Nb3 a5 24. Rd2 Kf7 25. Nc5 Ke7 26. Nd3 Kd7 27. Nc5+ Ke7 28. Nd3 Kd7 29. Nc5+ Ke7 1/2-1/2

[Event "SLO-ch U16"]
[Site "Postojna"]
[Date "2008.02.24"]
[Round "1"]
[White "Okorn, Jan"]
[Black "Tomazini, Aljosa"]
[Result "0-1"]
[WhiteElo "1576"]
[BlackElo "2151"]
[PlyCount "142"]
[EventDate "2008.02.24"]
[EventType "swiss"]
[EventRounds "9"]
[EventCountry "SLO"]
[SourceTitle "EXT 2010"]
[Source "ChessBase"]
[SourceDate "2010.11.25"]
[SourceVersion "1"]
[SourceVersionDate "2010.11.25"]
[SourceQuality "1"]

1. e4 d5 2. exd5 Qxd5 3. Nc3 Qa5 4. d4 Nf6 5. Nf3 c6 6. Bd3 Bg4 7. h3 Bh5 8. 0-0 e6 9. Bd2 Qc7 10. Bg5 Nbd7 11. Bxf6 Nxf6 12. Ne4 Nxe4 13. Bxe4 Qf4 14. Qe2 Be7 15. Qe3 Qc7 16. c3 0-0 17. Rfe1 Rfd8 18. Ne5 Rac8 19. Bf3 Bxf3 20. Nxf3 Rd5 21. Rad1 Rcd8 22. Qd3 Bf6 23. Qc2 Qd7 24. Qe4 g6 25. Rd2 Qc7 26. Red1 R8d7 27. Qe3 Qd8 28. Qe4 Bg7 29. Qe3 h5 30. h4 Kh7 31. Qe4 Bf6 32. g3 R5d6 33. Qe3 Bg7 34. Ng5+ Kg8 35. Nf3 Qf8 36. Qe4 Qd8 37. Qe3 Qa5 38. a3 Qf5 39. Kg2 Qd5 40. Kg1 Qb5 41. Kg2 a5 42. Kg1 Qd5 43. Kh2 Bh6 44. Qxh6 Qxf3 45. Qe3 Qd5 46. Kg1 Qc4 47. Kg2 Rd5 48. Kg1 b5 49. Qd3 Qb3 50. Qc2 Qxc2 51. Rxc2 c5 52. Rcd2 e5 53. Kf1 exd4 54. cxd4 c4 55. Ke2 Kf8 56. Ke3 Re7+ 57. Kf3 Rf5+ 58. Kg2 Rd5 59. Kf3 Red7 60. Ke3 Ke8 61. Kf3 Kd8 62. Ke3 Kc7 63. Kf3 Rf5+ 64. Ke2 Kc6 65. Kf1 Kd5 66. Ke2 Re7+ 67. Kf1 Rf3 68. Rc1 Re4 69. Rc3 Rf6 70. b3 Rxd4 71. b4 Rxd2 0-1

[Event "SLO-ch U16"]
[Site "Murska Sobota"]
[Date "2007.03.01"]
[Round "8"]
[White "Okorn, Jan"]
[Black "Gantar, Jan"]
[Result "0-1"]
[WhiteElo "1540"]
[BlackElo "1916"]
[PlyCount "128"]
[EventDate "2007.02.25"]
[EventType "swiss"]
[EventRounds "9"]
[EventCountry "SLO"]
[SourceTitle "CBM 117 Extra"]
[Source "ChessBase"]
[SourceDate "2007.05.09"]
[SourceVersion "1"]
[SourceVersionDate "2007.05.09"]
[SourceQuality "1"]

1. e4 d6 2. d4 Nf6 3. Nc3 e5 4. dxe5 dxe5 5. Qxd8+ Kxd8 6. Bg5 Be6 7. Nf3 Nbd7 8. 0-0-0 Bd6 9. Nb5 Ke7 10. Nxd6 cxd6 11. Bd3 h6 12. Bxf6+ Nxf6 13. h3 Rhc8 14. b3 a6 15. Kb2 b5 16. Ra1 Nd7 17. b4 Nb6 18. Nd2 Rc7 19. a3 Rac8 20. Rhc1 Na4+ 21. Kb1 g6 22. g4 Rc3 23. Re1 Nb6 24. Re3 Bc4 25. Nxc4 Nxc4 26. Bxc4 Rxe3 27. fxe3 Rxc4 28. Kc1 Rxe4 29. Kd2 f5 30. gxf5 gxf5 31. Rg1 Kf7 32. c3 f4 33. exf4 Rxf4 34. a4 d5 35. axb5 axb5 36. Ke2 d4 37. cxd4 Rxd4 38. Rb1 Kf6 39. Rb3 Kf5 40. Kf2 e4 41. Ke2 Kf4 42. Rb2 Rd3 43. Rc2 Re3+ 44. Kf2 Rb3 45. Rc6 Rb2+ 46. Ke1 Rxb4 47. Rxh6 Ke3 48. Kd1 Kd3 49. Rd6+ Rd4 50. Rb6 b4 51. h4 e3 52. h5 Rh4 53. Rd6+ Kc3 54. Re6 Rh1+ 55. Ke2 Rxh5 56. Kxe3 Rd5 57. Rc6+ Kb2 58. Rb6 b3 59. Rb7 Ka2 60. Ra7+ Kb1 61. Rb7 b2 62. Rb6 Ra5 63. Kd2 Ka2 64. Kc2 b1Q+ 0-1

[Event "SLO-ch U16"]
[Site "Murska Sobota"]
[Date "2007.02.27"]
[Round "5"]
[White "Okorn, Jan"]
[Black "Rifelj, Luka"]
[Result "1/2-1/2"]
[WhiteElo "1540"]
[BlackElo "1500"]
[PlyCount "70"]
[EventDate "2007.02.25"]
[EventType "swiss"]
[EventRounds "9"]
[EventCountry "SLO"]
[SourceTitle "CBM 117 Extra"]
[Source "ChessBase"]
[SourceDate "2007.05.09"]
[SourceVersion "1"]
[SourceVersionDate "2007.05.09"]
[SourceQuality "1"]

1. e4 c5 2. Nc3 Nc6 3. g3 g6 4. Bg2 Bg7 5. d3 d6 6. Be3 e6 7. Qd2 Nge7 8. Nf3 Nd4 9. 0-0 a6 10. Rab1 Nec6 11. Ne2 Nxe2+ 12. Qxe2 Nd4 13. Qd2 Bd7 14. Bxd4 cxd4 15. Qb4 Bc6 16. Nxd4 0-0 17. Nxc6 bxc6 18. Qb7 Qc8 19. Qxc8 Rfxc8 20. b3 Rab8 21. f4 c5 22. Bh3 f5 23. Rbe1 Re8 24. Re2 h5 25. Rfe1 Kf8 26. Kf1 Bc3 27. Rd1 d5 28. Bg2 Rbd8 29. e5 Kg7 30. Kf2 Kh6 31. Kf3 g5 32. fxg5+ Kxg5 33. h4+ Kh6 34. Kf4 Rg8 35. Bh3 Rdf8 1/2-1/2

[Event "SLO-ch U14"]
[Site "Murska Sobota"]
[Date "2006.02.26"]
[Round "1"]
[White "Rozic, Samo"]
[Black "Okorn, Jan"]
[Result "1/2-1/2"]
[WhiteElo "1862"]
[BlackElo "1532"]
[PlyCount "67"]
[EventDate "2006.02.26"]
[EventType "swiss"]
[EventRounds "9"]
[EventCountry "SLO"]
[SourceTitle "EXT 2009"]
[Source "ChessBase"]
[SourceDate "2008.11.26"]
[SourceVersion "1"]
[SourceVersionDate "2008.11.26"]
[SourceQuality "1"]

1. e4 e5 2. Nc3 Nc6 3. d3 d6 4. f4 f5 5. Nf3 Nf6 6. Be2 Be7 7. 0-0 0-0 8. fxe5 dxe5 9. Bg5 fxe4 10. dxe4 Qxd1 11. Raxd1 Bg4 12. Bxf6 Bxf6 13. Nd5 Rac8 14. Bc4 Kh8 15. c3 Na5 16. Bb3 Nxb3 17. axb3 c6 18. Nxf6 gxf6 19. h3 Be6 20. b4 Rcd8 21. Nh4 Kg7 22. g4 Bb3 23. Nf5+ Kf7 24. Rxd8 Rxd8 25. Kg2 Be6 26. Ng3 Rd2+ 27. Rf2 Rxf2+ 28. Kxf2 Kg6 29. Nf5 Bxf5 30. gxf5+ Kf7 31. Ke3 Ke7 32. b3 b5 33. c4 a6 34. c5 1/2-1/2